El hombre duplicado /
Saved in:
| Main Author: | |
|---|---|
| Other Authors: | |
| Format: | Book |
| Language: | Spanish Portuguese |
| Published: |
Buenos aires :
Alfaguara,
2002.
|
| Edition: | 1a ed. |
| Series: | Biblioteca José Saramago
|
| Subjects: |
MARC
| LEADER | 00000nam a2200000 a 4500 | ||
|---|---|---|---|
| 003 | AR-BeUNQ | ||
| 005 | 20240710114740.0 | ||
| 008 | 181226s2002 ag |||| |||| 00| 0 spa d | ||
| 999 | |c 30578 |d 114378 | ||
| 020 | |a 9505118007 | ||
| 040 | |a AR-BeUNQ |b spa |e aacr | ||
| 041 | |a spa |h por | ||
| 082 | 0 | 4 | |a P863 |2 21 |
| 100 | 1 | |9 692 |a Saramago, José, |d 1922-2010. | |
| 245 | 1 | 3 | |a El hombre duplicado / |c José Saramago ; traducción del Pilar del Río. |
| 250 | |a 1a ed. | ||
| 260 | |a Buenos aires : |b Alfaguara, |c 2002. | ||
| 300 | |a 407 p. ; |c 22 cm. | ||
| 490 | 1 | |a Biblioteca José Saramago | |
| 500 | |a Traducción de: O homem duplicado, c2002. | ||
| 650 | 7 | |a Literatura (Arte) |2 spines | |
| 650 | 7 | |a Literatura portuguesa |2 ttll | |
| 655 | 7 | |a Novela |2 ttll | |
| 700 | 1 | |9 693 |a Río, Pilar del, |d 1950- |e trad. | |
| 929 | |a DONACION |b Margarita Pierini |d 350,00 |e 20181026 |f PAT0070580 |g 3413 |h 1 |j 57450 | ||
| 942 | |c LIB |n 0 | ||